00783nam a2200265Ia 4500008004100000020001600041100002200057245003000079245002600109245005100135260001500186260002000201260000900221300002600230300002700256300001000283500008800293650001700381650002000398650002500418650002200443650002200465650002200487700000800509160803s9999 xx 000 0 und d a0 439217377 aTurner, Priscilla aAmong the odds & evens :  ba tale of adventure / cPriscilla Turner ; pictures by Whitney Turner. aNew York : bScholastic Inc. c1999 a1 volume (unpaged) :  bcolor illustrations ;  c28 cm a"Publisehd by Scholastic Inc. ... by arrangement with Farrar Straus & Giroux, Inc." aAlphabet --  aMathematics --  aNumbers, Natural --  xJuvenile fiction. xJuvenile fiction. xJuvenile fiction. a560